Statistics for Top 15 NRL Try Scorers of All Time

Click here to take the quiz!

General Stats

  • This quiz has been taken 7 times
  • The average score is 2 of 15

Answer Stats

#TriesAnswer% Correct
2190Billy Slater
100%
1212Ken Irvine
33%
3180Steve Menzies
33%
4176Brett Morris
17%
15149Greg Inglis
17%
10158Josh Morris
17%
5168Andrew Ettinghausen
0%
7163Brett Stewart
0%
13152Harold Horder
0%
9159Hazem El Masri
0%
14152Manu Vatuvei
0%
8159Matt Sing
0%
12154Michael Jennings
0%
11154Nathan Merritt
0%
6164Terry Lamb
0%

Score Distribution

Percentile by Number Answered

Percent of People with Each Score

Your Score History

You have not taken this quiz